| 000 | 02082nam a2200253Ia 4500 | ||
|---|---|---|---|
| 003 | Ost | ||
| 005 | 20260507074919.0 | ||
| 008 | 260507s9999||||xx |||||||||||||| ||und|| | ||
| 040 | _cfsecg | ||
| 041 | _aara | ||
| 082 | _a658 | ||
| 100 |
_aالعنزي، سعد علي _eمؤلف |
||
| 245 | 0 |
_aإدارة راس االمال الفكري في منظمات الأعمال / _c سعد علي العنزي |
|
| 260 |
_aعمان: _bدار اليازوري, _c2009 |
||
| 300 |
_a462 صفحة؛ _bإيضاحات ؛ _c25 سم |
||
| 504 | _aببليوغرافيا: ص.460 | ||
| 520 | _aالدور الجديد لإدارة الموارد البشرية في الألفية الثالثة، فلسفة نوعية حياة العمل في منظمات الألفية الثالثة، ادارة الموارد البشرية في اطار الالتزام والمشاركة وادارة الجودة الشاملة، فلسفة استراتيجية الموارد البشرية، المرتكزات الفلسفية لرأس المال الفكري، مضمون نظرية رأس المال البشري ومبادئها في ضوء ادراكات القيمة الاقتصادية، تحليل كلفة رأس المال البشري واستثماره، آليات بناء رأس المال الفكري ومرتكزات قياسه، المنظور المعرفي لمحافظ رأس المال الفكري، ادارة رأس المال الفكري في ضوء انتاجية العمل المعرفي، ادارة رأس المال الفكري في ضوء ادارة المصارحة بالأرقام، الاستثمار في رأس المال الاجتماعي، ادارة رأس المال الفكري وتحديات الأعمال المعاصرة، ادارة مخاطر رأس المال الفكري في ظل الاقتصاد المعرفي | ||
| 653 | _aالادارة | ||
| 653 | _aالاقتصاد | ||
| 653 | _aالقوى العاملة | ||
| 653 | _aرأس المال | ||
| 700 |
_aصالح، احمد علي _eمؤلف ثانوي |
||
| 942 | _cكتاب | ||
| 999 |
_c41791 _d41791 |
||